Vysekávač usní technologie pro 1., 2. a 3. roč. odb. učilišť a učňov. škol

Bibliographic Details
Main Authors: Mazán, Valent (Author), Hájek, Ľudovít (Author)
Other Authors: Beneš, Antonín (výskumný pracovník) (Translator)
Format: Book
Language:Czech
PhysicalDescription:271 s., [4] tb. 4°
Published: Praha Státní nakladatelství technické literatury 1976
Edition:2. vyd.
Series:Řada kožedělné literatury
Subjects:

MARC

LEADER 00000nam a2200000 a 4500
001 vtls001262190
003 SK-MaSNL
005 20260301234523.0
008 251113s1976 xr 0 cze
035 |a SNK000213074 
040 |a SNK  |b slo  |c SNK  |e AACR2 
041 0 |a cze 
044 |a xr  |c CZ 
080 |a 685.3(075.3)  |2 1981 
100 1 |a Mazán, Valent  |4 aut  |9 279842 
245 1 |a Vysekávač usní  |b technologie pro 1., 2. a 3. roč. odb. učilišť a učňov. škol  |c Valent Mazán, Ľudovít Hájek ; ze slov. orig. přeložil Anton Beneš 
250 |a 2. vyd. 
260 |a Praha  |b Státní nakladatelství technické literatury  |c 1976 
300 |a 271 s., [4] tb.  |c 4° 
490 1 |a Řada kožedělné literatury 
650 0 7 |a usne  |x vysekávanie  |x technológia  |x učebnice odb. učilíšť a učňov. škôl (1.-3. roč.)  |2 SNK  |9 630659 
700 1 |a Hájek, Ľudovít  |4 aut  |9 279843 
700 1 |a Beneš, Antonín  |c (výskumný pracovník)  |4 trl  |9 101182 
830 0 |a Řada kožedělné literatury  |9 318937 
958 |a OND 
999 |c 970381  |d 972311 
952 |a SNK  |b SNK  |y PREZ  |7 0  |p 17A0880914  |o snkSB 23771  |0 0  |1 0  |4 0  |d 2012-07-25  |f 1  |l 0  |r 2025-03-27 00:00:00  |w 2026-02-24 
952 |t P60, <04>, [BOOK], {604}  |a SNK  |b SNK  |y VYP  |7 0  |p 17A1347819  |o snkSB 23771 D1  |i snkKIP 6814/76  |0 0  |1 0  |4 0  |d 1996-09-27  |l 0  |r 2005-01-01 00:00:00  |w 2026-02-24 
952 |t P60, <03>, [BOOK], {603}  |a SNK  |b SNK  |y PREZ  |7 0  |o snkSB 23771  |i snkKIP 6813/76  |0 0  |1 0  |4 0  |d 1996-09-27  |l 0  |r 2005-01-01 00:00:00  |w 2026-02-24